000 00581nam a2200181Ia 4500
008 151202s9999||||xx |||||||||||||| ||und||
082 _bPNVM-64302
100 _aशेवडे शैलजा.
245 _aअगं अगं म्हशी.
260 _b"उन्मेष प्रकाशन,पुणे."
260 _c64302
300 _a200
600 _aशेवडे शैलजा.
630 _aअगं अगं म्हशी.
700 _aशेवडे शैलजा.
730 _aअगं अगं म्हशी.
942 _cBOOK
999 _c1330835
_d1330832